International financial management / (Registro nro. 11928)
[ vista simple ]
| 000 -LEADER | |
|---|---|
| fixed length control field | 01162cam a2200265 i 4500 |
| 001 - CONTROL NUMBER | |
| control field | 2721686 |
| 003 - CONTROL NUMBER IDENTIFIER | |
| control field | OSt |
| 005 - DATE AND TIME OF LATEST TRANSACTION | |
| control field | 20210715152628.0 |
| 008 - FIXED-LENGTH DATA ELEMENTS--GENERAL INFORMATION | |
| fixed length control field | 770628s1978 nyua b 001 0 eng |
| 020 ## - INTERNATIONAL STANDARD BOOK NUMBER | |
| International Standard Book Number | 0070281750 |
| 040 ## - CATALOGING SOURCE | |
| Original cataloging agency | DLC |
| Transcribing agency | CO-JMCR |
| 041 0# - LANGUAGE CODE | |
| Language code of text/sound track or separate title | eng |
| 082 04 - DEWEY DECIMAL CLASSIFICATION NUMBER | |
| Classification number | 658.15 / |
| Item number | H517i |
| Edition number | 23 |
| 100 1# - MAIN ENTRY--PERSONAL NAME | |
| Personal name | Henning, Charles N., |
| Relator term | autor |
| 9 (RLIN) | 38501 |
| 245 10 - TITLE STATEMENT | |
| Title | International financial management / |
| Statement of responsibility, etc. | Charles N. Henning, William Pigott, Robert Haney Scott. |
| 260 ## - PUBLICATION, DISTRIBUTION, ETC. | |
| Place of publication, distribution, etc. | New York : |
| Name of publisher, distributor, etc. | McGraw-Hill, |
| Date of publication, distribution, etc. | 1978. |
| 300 ## - PHYSICAL DESCRIPTION | |
| Extent | xv, 576 páginas : |
| Other physical details | ilustraciones en blanco y negro ; |
| Dimensions | 25 cm. |
| 490 0# - SERIES STATEMENT | |
| Series statement | McGraw-Hill series in finance |
| 505 0# - FORMATTED CONTENTS NOTE | |
| Formatted contents note | International social accounting and balance of payments adjustment processes. -- The international monetary system. -- International banking, exchange rates, and money markets. -- International long-term investment. -- International managerial finance. -- Financing economic development<br/> |
| 650 14 - SUBJECT ADDED ENTRY--TOPICAL TERM | |
| Topical term or geographic name entry element | International finance. |
| 9 (RLIN) | 38502 |
| 650 24 - SUBJECT ADDED ENTRY--TOPICAL TERM | |
| Topical term or geographic name entry element | International business enterprises |
| General subdivision | Finance. |
| 9 (RLIN) | 38503 |
| 700 1# - ADDED ENTRY--PERSONAL NAME | |
| Personal name | Pigott, William, |
| Relator term | autor |
| 9 (RLIN) | 38504 |
| 700 1# - ADDED ENTRY--PERSONAL NAME | |
| Personal name | Scott, Robert Haney, |
| Relator term | autor |
| 9 (RLIN) | 38505 |
| 942 ## - ADDED ENTRY ELEMENTS (KOHA) | |
| Source of classification or shelving scheme | Dewey Decimal Classification |
| Koha item type | Books |
| Withdrawn status | Lost status | Source of classification or shelving scheme | Damaged status | Not for loan | Home library | Current library | Shelving location | Date acquired | Source of acquisition | Total Checkouts | Full call number | Barcode | Date last seen | Date last checked out | Copy number | Price effective from | Koha item type |
|---|---|---|---|---|---|---|---|---|---|---|---|---|---|---|---|---|---|
| Dewey Decimal Classification | Biblioteca Pública José María del Castillo y Rada | Biblioteca Pública José María del Castillo y Rada | General Stacks | 04/15/2018 | Donación | 2 | 658.15 / H517i | 430003116 | 05/16/2024 | 07/29/2022 | Ej.1 | 03/10/2021 | Books |